Silhouettes de Dinosaures - Clic Quiz - Statistiques

Statistiques générales
  • Ce quiz a été pris 1 223 fois
  • Le résultat moyen est 10 sur 14
Réponses sur la Carte
Les réponses sont colorées sur une échelle allant du rouge au vert en fonction du pourcentage des utilisateurs qui les ont devinées à leur premier essai. Vous pouvez retrouver ces pourcentages ci-dessous.
 
Statistiques - réponses
Réponse % Correct
Tyrannosaurus
94%
Triceratops
93%
Diplodocus
85%
Stégosaurus
77%
Spinosaurus
76%
Pachycephalosaurus
75%
Ankylosaurus
72%
Carnotaurus
69%
Brachiosaurus
68%
Therizinosaurus
68%
Parasaurolophus
66%
Dilophosaurus
65%
Iguanodon
52%
Velociraptor
51%
Aucun quiz correspondant
Distribution des résultats
% des personnes avec chaque résultat
Percentile par nombre de réponses
Votre historique - résultats
Vous n’avez pas pris ce quiz